Antény pro příjem televize /

Guardado en:
Detalles Bibliográficos
Autor principal: Český, Tomáš (Autor)
Formato: Libro
Lenguaje:checo
Publicado: Praha : SNTL, 1987
Edición:2.nezm.vyd.
Etiquetas: Agregar Etiqueta
Sin Etiquetas, Sea el primero en etiquetar este registro!

MARC

LEADER 00000nam a22000003a 4500
001 stu2549
005 20150617225616.5
008 940317s1987----cs------------------cze-d
040 |a STU  |b slo 
041 0 |a cze 
044 |a cs 
080 |a 621.396.67  |7 stu_us_auth*stu10173 
100 1 |a Český, Tomáš  |4 aut 
245 1 |a Antény pro příjem televize /  |c [aut.] Český,Tomáš 
250 |a 2.nezm.vyd. 
260 |a Praha :  |b SNTL,  |c 1987 
996 |b 284EK04753  |c E*65389  |l EE01  |s A  |a 24  |w stu2549_0001 
996 |b 284EK04751  |c E*65390  |l EE0101  |s P  |a 0  |w stu2549_0002